| Поле | Название | Значение |
| |
Тип записи |
a |
| |
Библиографический уровень |
m |
| 001 |
Контрольный номер |
79221400390849f68946ffb5767a9847 |
| 005 |
Дата корректировки |
20260316143933.9 |
| 010 |
Индекс ISBN |
__ |
| a |
ISBN |
978-5-6040249-1-1 |
| d |
Цена |
238-41 |
| 100 |
Данные общей обработки |
__ |
| a |
Данные общей обработки |
20260316d2017####k##y0rusy50######ca |
| 101 |
Язык документа |
0_ |
| a |
Язык текста |
rus |
| 102 |
Страна публикации |
__ |
| a |
Страна публикации |
RU |
| 200 |
Заглавие и сведения об ответственности |
1_ |
| a |
Заглавие |
Нефтяная система - строение, свойства, поведение |
| e |
Сведения, относящиеся к заглавию |
монография |
| f |
Первые сведения об ответственности |
Ю. П. Туров, М. Ю. Гузняева |
| 210 |
Выходные данные |
1_ |
| a |
Место издания |
Сургут |
| c |
Издательство |
Печатный мир г. Сургут |
| d |
Дата издания |
2017 |
| 215 |
Физическое описание |
__ |
| a |
Объем |
284 с. |
| c |
Иллюстрации/тип воспроизводства |
ил., цв. ил., табл. |
| 225 |
Серия (Журнальная рубрика) |
2_ |
| a |
Серия (Журнальная рубрика) |
Серия "25 лет СурГУ" |
| 300 |
Общие примечания |
__ |
| a |
Общие примечания |
На обложке: 25 - Сургутский государственный университет |
| 320 |
Библиография |
__ |
| a |
Библиография |
Библиография: с. 246-284 |
| 320 |
Библиография |
__ |
| a |
Библиография |
Об авторах: 4-я с. обложки |
| 330 |
Аннотация |
__ |
| a |
Аннотация |
Книга посвящена рассмотрению строения, поведения и свойств нефти на техногенных этапах ее эволюции, начинающихся с момента вскрытия нефтяного пласта. Предназначена специалистам в области исследования состава нефти рассеянного органического вещества пород, нефтяной геохимии, мониторинга нефтяного загрязнения окружающей среды; студентам и аспирантам химических и геологических специальностей, а также широкому кругу читателей. |
| 606 |
Тематические рубрики |
1_ |
| a |
Основная рубрика |
Геология |
| 606 |
Тематические рубрики |
1_ |
| a |
Основная рубрика |
Геология полезных ископаемых |
| y |
Географическая подрубрика |
Западная Сибирь |
| y |
Географическая подрубрика |
Ханты-Мансийский автономный округ - Югра |
| y |
Географическая подрубрика |
Иртышь |
| y |
Географическая подрубрика |
Томь |
| y |
Географическая подрубрика |
Обь |
| 610 |
Ключевые слова |
1_ |
| a |
Ключевые слова |
краеведение |
| a |
Ключевые слова |
эксплуатация нефтяных месторождений |
| a |
Ключевые слова |
нефтяные месторождения |
| a |
Ключевые слова |
происхождение нефти |
| a |
Ключевые слова |
нефтяные загрязнения |
| a |
Ключевые слова |
нефтепродукты |
| a |
Ключевые слова |
история нефти |
| a |
Ключевые слова |
геохимия нефти |
| a |
Ключевые слова |
нефть |
| a |
Ключевые слова |
труды СурГУ |
| 686 |
Индексы других классификаций |
__ |
| a |
Индекс ББК |
к26.34 |
| 700 |
Автор |
_1 |
| a |
Фамилия |
Туров |
| b |
Имя |
Ю. П. |
| c |
Титул (звания) |
кандидат физико-математических наук |
| f |
Даты |
1946- |
| g |
Полное личное имя |
Юрий Прокопьевич |
| 4 |
Код отношения |
070 |
| 701 |
Альтернативная интеллектуальная ответственность (другие авторы) |
_1 |
| a |
Фамилия |
Гузняева |
| b |
Имя |
М. Ю. |
| c |
Титул (звания) |
кандидат химических наук |
| f |
Даты |
1964- |
| g |
Полное личное имя |
Марина Юрьевна |
| 4 |
Код отношения |
070 |
| 712 |
Наименование организации (Вторичная ответственность) |
02 |
| a |
Организация/ юрисдикция |
БУ ВО Ханты-Мансийского автономного округа – Югры «Сургутский государственный университет» |
| 712 |
Наименование организации (Вторичная ответственность) |
02 |
| a |
Организация/ юрисдикция |
СурГУ, бюджетное учреждение высшего образования Ханты-Мансийского автономного округа - Югры |
| 712 |
Наименование организации (Вторичная ответственность) |
02 |
| a |
Организация/ юрисдикция |
Сургутский государственный университет |
| 801 |
Источник записи |
_0 |
| a |
Страна |
RU |
| b |
Организация |
Центральная районная библиотека им. Г. А. Пирожникова |
| c |
Дата составления |
20230316 |
| g |
Правила каталогизации |
bzbo |
| 801 |
Источник записи |
_1 |
| a |
Страна |
RU |
| b |
Организация |
Центральная районная библиотека им. Г. А. Пирожникова |
| c |
Дата составления |
20260316 |
| g |
Правила каталогизации |
bzbo |
| 852 |
Данные о местонахождении |
__ |
| i |
Авторский знак |
Т 885 |
| j |
Шифр хранения |
26.34 |
| 901 |
Тип документа |
__ |
| t |
Тип документа |
m |
| 902 |
Роль лиц |
__ |
| a |
Создатель БЗ |
ОКиО/Шумских |